书目信息 |
| 题名: |
微型计算机系统原理分析与维修
|
|
| 作者: | 刘筱桢 主编 | |
| 分册: | ||
| 出版信息: | 北京 科学出版社 1988.6 |
|
| 页数: | 255页 | |
| 开本: | 26厘米 | |
| 丛书名: | ||
| 单 册: | ||
| 中图分类: | TP36 | |
| 科图分类: | ||
| 主题词: | 微型计算机--计算机系统 , 计算机系统--微型计算机--维修 | |
| 电子资源: | ||
| ISBN: | 7-03-000597-X | |
| 000 | 00723cam0 2200241 450 | |
| 001 | 0100246953 | |
| 005 | 20060606144245.0 | |
| 010 | @a7-03-000597-X@dCNY5.05 | |
| 011 | @a7-03-000597-X | |
| 100 | @a19910417d1988 k y0chiy0110 ea | |
| 101 | 0 | @achi |
| 102 | @aCN@b110000 | |
| 105 | @ay z 000yy | |
| 106 | @ar | |
| 200 | 1 | @a微型计算机系统原理分析与维修@9Wei Xing Ji Suan Ji Xi;Ji Tong Yuan Li Fen Xi Yu Wei Xiu @f刘筱桢等主编@b专著 |
| 210 | @a北京@c科学出版社@d1988.6 | |
| 215 | @a255页@d26厘米 | |
| 606 | 0 | @a微型计算机@x计算机系统 |
| 606 | 0 | @a计算机系统@x微型计算机@x维修 |
| 690 | @aTP36@v1980 | |
| 701 | 0 | @a刘筱桢@9liu xiao zhen@4主编 |
| 801 | 0 | @aCN@bAiZhiMarc@c19910417 |
| 905 | @aBZT@dTP@e29@f2@sTP/29 | |
| 微型计算机系统原理分析与维修/刘筱桢等主编.-北京:科学出版社,1988.6 |
| 255页;26厘米 |
| ISBN 7-03-000597-X:CNY5.05 |
| ● |
| 相关链接 |
|
|
|
正题名:微型计算机系统原理分析与维修
索取号:TP/29
 
预约/预借
| 序号 | 登录号 | 条形码 | 馆藏地/架位号 | 状态 | 备注 |
| 1 | 2000102543 | 2000102543 | 旧书回溯/ [索取号:TP/29] | 在馆 | |
| 2 | 2000102544 | 2000102544 | 旧书回溯/ [索取号:TP/29] | 在馆 |